Gran Premio Diputación
Colección:
San Jorge,
; núm. 23 (juliol 1956), pàg. 66-67
Materias:
Barcelona (Catalunya : Província). -- Diputació -- Premis
; Premios San Jorge
; Pintura -- Premis
Idioma:
Español
MARC
| LEADER | 00000naa a2200000 a 4500 | ||
|---|---|---|---|
| 003 | Arxiu | ||
| 005 | 20260324181507.0 | ||
| 008 | 160829s1956 spcaxx s spa c | ||
| 040 | |a AGDB | ||
| 245 | 0 | 0 | |a Gran Premio Diputación |
| 490 | |a San Jorge, |v núm. 23 (juliol 1956), pàg. 66-67 | ||
| 590 | |a Conté imatges de les obres de Emili Bosch Roger, Francisco Serra, Juan Mirasierras | ||
| 610 | 1 | 0 | |9 54545 |a Barcelona (Catalunya : Província). |b Diputació |x Premis |
| 650 | 0 | |a Premios San Jorge |9 54544 | |
| 650 | 0 | |a Pintura |9 55557 |x Premis | |
| 773 | |g Núm. 23 (juliol 1956), pàg. 66-67 |t San Jorge. | ||
| 901 | |a Arxiu | ||
| 942 | |n 1 |2 udc |c ART | ||
| 952 | |0 0 |1 0 |4 0 |6 REV511 |7 1 |9 66481 |a Arxiu |b Arxiu |d 2023-06-12 |l 0 |o Rev-511 |r 2023-06-12 00:00:00 |w 2023-06-12 |y ARXIU |z També disponible a Rev-525 | ||
| 999 | |c 48787 |d 48787 | ||